Calcutta: the city of Places (Record no. 347849)

000 -LEADER
fixed length control field 00388cam a22001337a 4500
008 - FIXED-LENGTH DATA ELEMENTS--GENERAL INFORMATION
fixed length control field 180718b1990 xxu||||| |||| 00| 0 eng d
082 ## - DEWEY DECIMAL CLASSIFICATION NUMBER
Classification number A6x5412 L879 CUS
100 ## - MAIN ENTRY--PERSONAL NAME
Personal name Losty, J.P.
245 ## - TITLE STATEMENT
Title Calcutta: the city of Places
Statement of responsibility, etc. by J.P. Losty
260 ## - PUBLICATION, DISTRIBUTION, ETC.
Place of publication, distribution, etc. London
Name of publisher, distributor, etc. British Library
Date of publication, distribution, etc. 1990
300 ## - PHYSICAL DESCRIPTION
Extent 136p.
650 ## - SUBJECT ADDED ENTRY--TOPICAL TERM
Topical term or geographic name entry element Cities and Towns - India - West Bengal
650 ## - SUBJECT ADDED ENTRY--TOPICAL TERM
Topical term or geographic name entry element Calcutta - History
Holdings
Withdrawn status Lost status Damaged status Not for loan Permanent Location Current Location Date acquired Full call number Barcode Date last seen Price effective from Koha item type
        Indian Institute of Public Administration Indian Institute of Public Administration 1993-10-20 A6x5412 L879 CUS 6070 2018-07-21 2018-07-21 Book

Powered by Koha